UM Logo

Compliance of NCR public elementary of the omnibus policy on kindergarten education : (Record no. 21913)

MARC details
000 -LEADER
fixed length control field 00443nam a22001097a 4500
005 - DATE AND TIME OF LATEST TRANSACTION
control field 20240926184539.0
008 - FIXED-LENGTH DATA ELEMENTS--GENERAL INFORMATION
fixed length control field 240926b |||||||| |||| 00| 0 eng d
245 ## - TITLE STATEMENT
Title Compliance of NCR public elementary of the omnibus policy on kindergarten education :
Remainder of title (abstract) /
Statement of responsibility, etc. Sharon Pereira-Revuelta.
260 ## - PUBLICATION, DISTRIBUTION, ETC. (IMPRINT)
Place of publication, distribution, etc. Philippines:
Name of publisher, distributor, etc. Publishers Association of the Philippines, Inc.,
Date of publication, distribution, etc. October 2018.
300 ## - PHYSICAL DESCRIPTION
Extent Volume 66, pages 174-175.
942 ## - ADDED ENTRY ELEMENTS (KOHA)
Source of classification or shelving scheme Dewey Decimal Classification
Koha item type Periodicals
Holdings
Withdrawn status Lost status Source of classification or shelving scheme Damaged status Not for loan Collection code Home library Current library Date acquired Total Checkouts Date last seen Price effective from Koha item type Public note
    Dewey Decimal Classification     Periodicals UM Digos College - LIC UM Digos College - LIC 09/26/2024   09/26/2024 09/26/2024 Periodicals Periodical Article